Statistics for Animals in the Bible Spanish clickable

Click here to take the quiz!

General Stats

  • This quiz has been taken 9 times
  • The average score is 16 of 21

Answer Stats

HintAnswer% Correct
El CamelloCamel
100%
El DragonDragon
100%
El PezFish
100%
El LeonLion
100%
El LoboWolf
100%
El PerroDog
86%
El BurroDonkey
86%
El PiojoLouse
86%
El CuervoRaven
86%
El Puerco, El CerdoSwine
86%
La PalomaDove
71%
El ÁguilaEagle
71%
La MoscaFly
71%
La LangostaLocust
71%
El ConejoRabbit
71%
El BuitreVulture
71%
El GanadoCattle
57%
La RanaFrog
57%
La CabraGoat
57%
El CorderoLamb
57%
La OvejaSheep
57%

Score Distribution

Percentile by Number Answered

Percent of People with Each Score

Your Score History

You have not taken this quiz